Łańcuch piłkarzy - zdjęcia #5 - Statystyki

Ogólne statystyki
  • Ten quiz został rozwiązany 67 razy
  • Średni wynik to 9 z 20
Statystyki odpowiedzi
Obrazkowy Odpowiedź % Poprawnych
Leonardo Bonucci
95%
Kazimierz Deyna
93%
Christian Eriksen
90%
Ronald Koeman
89%
Nathan Ake
80%
Dayot Upamecano
69%
Jeremy Doku
69%
Wataru Endo
59%
Marek Citko
51%
Michael Laudrup
36%
Giovane Elber
31%
Yuto Nagatomo
26%
Harry Kewell
21%
Fernando Llorente
20%
Piotr Nowak
20%
Jorge Andrade
18%
Marcin Kuźba
13%
Vincenzo Montella
13%
Mathys Tel
10%
Abel Balbo
5%
Nie znaleziono quizów pasujących do podanych kryteriów
Rozkład punktacji
Procent ludzi z każdym wynikiem
Percentyl według liczby udzielonych odpowiedzi
Twoja historia wyników
Nie rozwiązałeś tego quizu